| 000 | 00000nas##2200000za#4500 |
|---|---|
| 001 | 9.513271 |
| 003 | CaOODSP |
| 005 | 20200325130926 |
| 007 | ta |
| 008 | 150406c1989||||xxc|| m #||||f| |0fre|d |
| 040 | |aCaOODSP|bfre |
| 043 | |an-cn--- |
| 086 | 1 |aZ1-1989/1-41F |
| 110 | 1 |aCanada.|bCommissions royales. |bCommission royale sur le transport des voyageurs au Canada. |
| 245 | 10|a[Études] |
| 260 | |bCommissions royales. |
| 563 | |aReliure à anneaux |
| 775 | 08|t[Research report.] |w(CaOODSP)9.514937 |